Países que fazem parte da OTAN - Statistics

Estatísticas Gerais
  • Esse quiz foi jogado 222 vezes
  • A pontuação média é 12 de 32
Answers on the Grid
Answers color-coded by a green-red scale on the quiz's grid according to % correct below.
Albania
Bélgica
Bulgaria
Canadá
Croácia
Dinamarca
Estônia
Finlândia
França
Alemanha
Tchéquia
Grécia
Hungria
Islândia
Itália
Letônia
Lituânia
Luxemburgo
Liechtenstein
Países Baixos
Montenegro
Macedônia do Norte
Espanha
Portugal
Polônia
Noruega
Romênia
Eslováquia
Eslovênia
Suécia
Turquia
Estados Unidos
Reino Unido
Sérvia
Rússia
Belarus
México
Brasil
Kosovo
Chipre
Israel
Suíça
Andorra
Malta
San Marino
Ucrânia
Mônaco
 
Estatísticas das Respostas
Resposta % Correto
França
64%
Alemanha
60%
Portugal
60%
Estados Unidos
56%
Itália
56%
Canadá
54%
Bélgica
50%
Dinamarca
48%
Espanha
48%
Grécia
48%
Países Baixos
48%
Reino Unido
46%
Suécia
44%
Finlândia
38%
Noruega
36%
Polônia
36%
Croácia
32%
Eslováquia
32%
Estônia
32%
Islândia
30%
Lituânia
30%
Tchéquia
28%
Turquia
28%
Eslovênia
26%
Letônia
26%
Luxemburgo
26%
Romênia
24%
Hungria
22%
Bulgaria
20%
Albania
18%
Macedônia do Norte
16%
Montenegro
12%
Nenhum quiz correspondente encontrado
Distribuição das Pontuações
Porcentagem de Pessoas com Cada Pontuação
Percentil de Números Respondidos
Sua Pontuação Histórica
Você não jogou esse quiz